| 000 | 00941nam a22002655a 4500 | ||
|---|---|---|---|
| 005 | 20150817153947.0 | ||
| 008 | 150803s2005 flua frb 001 0 eng d | ||
| 020 | _a0849335981 (alk. paper) | ||
| 020 | _a9780849335983 | ||
| 040 |
_aEG-ScBUE _beng _cEG-ScBUE |
||
| 082 | 0 | 4 |
_a620.00452 _bNAC _222 |
| 100 | 1 | _aNachlas, Joel A. | |
| 245 | 1 | 0 |
_aReliability engineering : _bprobabilistic models and maintenance methods / _cJoel A. Nachlas. |
| 260 |
_aBoca Raton, Florida : _bCRC Press / Taylor & Francis, _c2005. |
||
| 300 |
_axiii, 381 p. : _bill. ; _c23 cm. |
||
| 490 | 1 |
_aMechanical engineering ; _v190 |
|
| 500 | _aIndex : p. 367-381. | ||
| 504 | _aBibliography : p. 361-366. | ||
| 650 | 0 |
_aReliability (Engineering) _xMathematical models. _2BUEsh |
|
| 650 | 0 |
_aPlant maintenance _xMathematical models. _2BUEsh |
|
| 651 | _2BUEsh | ||
| 653 |
_bENGGEN _cAugust2015 |
||
| 655 |
_vreading book _934232 |
||
| 942 | _k620.00452 NAC | ||
| 999 |
_c1874 _d1874 |
||